000 00289nam a2200121Ia 4500
008 240731s9999 xx 000 0 und d
022 _a1744-0378
245 4 _aThe RUSI Journal
260 _bRoutledge
856 _uhttps://www.tandfonline.com/loi/rusi20
942 _2ddc
942 _cTFEJ
999 _c80070
_d80070
945 _a1
_bMadushi Gamage
_c1
_dMadushi Gamage